000 00307nam a2200121Ia 4500
008 230907s9999||||xx |||||||||||||| ||und||
082 _a621.3
_bHAM
100 _aHambley, Allan R.,
_957110
245 0 _aElectrical engineering :
300 _axviii, 890 pages ;
650 _aTextbooks.
_98511
942 _cBK
999 _c598573
_d598573